000 00473nam a2200181Ia 4500
001 24898
005 20260414151114.0
008 260414t2017||||xx |||||||||||||| ||spa||
041 _aESP
082 _a346C4
_bE91
100 _aEsquivel Oviedo, Juan Carlos
_eAUT
245 0 _aEl código civil y procesal civil en la jurisprudencia vinculante
_b
260 _c2017
300 _a542 páginas :
_c25 cm.
650 _aDER
654 _aCDE
942 _cLIB
_dJUS
_fJUS
_2ddc
_n
999 _c24898
_d24898